Central Library OPAC University of Rajshahi

توثيق السنة بين الشيعة الإمامية وأهل السنة في أحكام الإمامة ونكاح المتعة ; ; tawthiq alsanat bayn alshiyeat al'iimamiat wa'ahl alsunat fi 'ahkam al'iimamat wanikah almutea / (Record no. 78237)

MARC details
000 -LEADER
fixed length control field 01071aaa a2200265 a 4500
001 - CONTROL NUMBER
control field 78237
003 - CONTROL NUMBER IDENTIFIER
rucl marc code BD-RjUL
005 - DATE AND TIME OF LATEST TRANSACTION
control field 20211209083116.0
008 - FIXED-LENGTH DATA ELEMENTS--GENERAL INFORMATION
fixed length control field 210824s2003 si ||||| |||| 001 0 ara d
020 ## - INTERNATIONAL STANDARD BOOK NUMBER
International Standard Book Number 9773421171
035 ## - SYSTEM CONTROL NUMBER
System control number (BD-RjUL)78463
040 ## - CATALOGING SOURCE
Original cataloging agency BD-RjUL
Language of cataloging eng
Transcribing agency BD-RjUL
041 ## - LANGUAGE CODE
Language code of text/sound track or separate title ara
082 ## - DEWEY DECIMAL CLASSIFICATION NUMBER
Edition number 23
Classification number 340.59
Author mark and year SUT 2003
100 ## - MAIN ENTRY--PERSONAL NAME
Personal name سحيمي، أحمد حارس ;; Suhaimi, Ahmed Haris
9 (RLIN) 247144
245 ## - TITLE STATEMENT
Title توثيق السنة بين الشيعة الإمامية وأهل السنة في أحكام الإمامة ونكاح المتعة ; ; tawthiq alsanat bayn alshiyeat al'iimamiat wa'ahl alsunat fi 'ahkam al'iimamat wanikah almutea /
Statement of responsibility, etc. Ahmed Haris Suhaimi ;; المؤلف أحمد حارس سحيمي
250 ## - EDITION STATEMENT
Edition statement 2nd.ed. ;; الطلعة الثانية
260 ## - PUBLICATION, DISTRIBUTION, ETC. (IMPRINT)
Place of publication, distribution, etc. القاهره:
Name of publisher, distributor, etc. دار السلام،
Date of publication, distribution, etc. 2003
300 ## - PHYSICAL DESCRIPTION
Pagination 662 p. ;
Size 22 p.;
650 ## - SUBJECT ADDED ENTRY--TOPICAL TERM
Topical term or geographic name as entry element Marriage (Islamic law)
9 (RLIN) 247145
Topical term or geographic name as entry element Muta
9 (RLIN) 247146
Topical term or geographic name as entry element Hadith
Form subdivision Evidences, authority, etc
9 (RLIN) 247147
651 ## - SUBJECT ADDED ENTRY--GEOGRAPHIC NAME
Form subdivision Imamate
9 (RLIN) 247148
942 ## - ADDED ENTRY ELEMENTS (KOHA)
Source of classification or shelving scheme Dewey Decimal Classification
Koha item type Books
Holdings
Lost status Source of classification or shelving scheme Damaged status Not for loan Collection code Permanent Location Current Location Shelving location Date acquired Source of acquisition Cost, normal purchase price Total Checkouts Full call number Date last seen Copy number Koha item type
  Dewey Decimal Classification   Not For Loan Non-fiction Central Library, University of Rajshahi Central Library, University of Rajshahi Reading Room 18/11/2009 Ahsania Mission , Dhaka 750.00   A 340.59 SUT 2003 24/08/2021 C-1 Books